00475 a2200109 4500082001000000100002000010245012300030260008100153300003300234500004100267856005700308 aMIT-2 aRaja Haider Ali aArchitecture of Security and Detection of Anomalous Agents for FIFA Compliant Multi Agent System SAGEcRaja Haider Ali aIslamabad:bNUST School of Electrical Engineering & Computer Science,c2005. av, 72 p. :b ill. ;c 27 cm. aSupervisor : Dr. Hafiz Farooq Ahmad. uhttp://10.250.8.41:8080/xmlui/handle/123456789/31922